00245 a2200121 4500001000700000020002200007040001100029100001800040240002700058245002200085300000700107362000900114171467 a978-85-322-7125-9 cMagnum aGaldino, Luiz10aO mágico erradolpor10aO mágico errado a390 a2009